000 00357 a2200121 4500
000 nam a22 7a 4500
005 20260424100132.0
020 _a9780262036450
100 _aNicolas Petrosky-Nadeau
_91235597
245 _aLabor, Credit, and Goods Markets: The Macroeconomics of Search and Unemployment
260 _bThe MIT Press
_c2017
942 _cTEXL
999 _c1848481
_d1848481